Statistics for Champions League 2016-17 Scorers

Click here to take the quiz!

General Stats

  • This quiz has been taken 45 times
  • The average score is 71 of 194

Answer Stats

ClubCountryPlayerGoals% Correct
Real MadridPortugalCristiano Ronaldo12
100%
FC BarcelonaArgentinaLionel Messi11
100%
Atletico MadridFranceAntoine Griezmann6
94%
Real MadridFranceKarim Benzema5
94%
FC BarcelonaUruguayLuis Suarez3
94%
Bayern MunichPolandRobert Lewandowski8
94%
Paris SGUruguayEdinson Cavani8
91%
Arsenal FCGermanyMesut Özil4
91%
FC BarcelonaBrazilNeymar4
91%
Manchester CityArgentinaSergio Agüero5
91%
Juventus FCArgentinaGonzalo Higuain5
89%
AS MonacoFranceKylian Mbappé6
89%
FC BarcelonaTurkeyArda Turan4
86%
Borussia DortmundGabonPierre-Emerick Aubameyang7
86%
AS MonacoColombiaRadamel Falcao5
86%
Borussia DortmundGermanyMarco Reus5
83%
Leicester CityAlgeriaRiyad Mahrez4
83%
Arsenal FCChileAlexis Sanchez3
80%
Paris SGArgentinaAngel Di Maria4
80%
SSC NapoliBelgiumDries Mertens5
80%
Juventus FCArgentinaPaulo Dybala4
77%
Bayern MunichChileArturo Vidal3
74%
Arsenal FCEnglandTheo Walcott4
74%
Bayern MunichGermanyThomas Müller3
74%
Sporting CPPortugalAdrien Silva1
71%
FC PortoPortugalAndré Silva4
71%
AS MonacoPortugalBernardo Silva2
71%
Manchester CitySpainDavid Silva1
71%
Juventus FCCroatiaMario Mandzukic3
71%
Bayern MunichNetherlandsArjen Robben3
69%
Leicester CityEnglandJamie Vardy2
69%
Celtic GlasgowFranceMoussa Dembélé3
69%
Borussia DortmundFranceOusmane Dembélé2
69%
Real MadridSpainSergio Ramos2
69%
Real MadridWalesGareth Bale1
66%
Tottenham HotspurEnglandHarry Kane2
66%
Manchester CityGermanyIlkay Gündogan2
66%
Manchester CityBelgiumKevin De Bruyne1
66%
Arsenal FCFranceOlivier Giroud2
66%
Real MadridGermanyToni Kroos1
66%
Borussia DortmundColombiaAdrian Ramos1
63%
SSC NapoliPolandArkadiusz Milik3
63%
Bayern MunichBrazilDouglas Costa2
60%
Tottenham HotspurSouth KoreaHeung-min Son1
60%
Manchester CityGermanyLeroy Sané2
60%
Paris SGBrazilLucas1
60%
Bayern MunichSpainThiago Alcantara1
60%
SSC NapoliSlovakiaMarek Hamsik2
57%
Atletico MadridSpainSaul Niguez4
57%
Borussia DortmundJapanShinji Kagawa2
57%
FC BarcelonaSpainAndrès Iniesta1
54%
Real MadridBrazilCasemiro2
54%
Arsenal FCSwitzerlandGranit Xhaka1
54%
Juventus FCColombiaJuan Cuadrado1
54%
Manchester CityNigeriaKelechi Iheanacho2
54%
Manchester CityEnglandRaheem Sterling2
54%
LyonFranceAlexandre Lacazette1
51%
Tottenham HotspurEnglandDele Alli1
51%
Atletico MadridSpainFernando Torres1
51%
FC BarcelonaSpainGerard Piqué1
51%
Paris SGGermanyJulian Draxler1
51%
Juventus FCItalyLeonardo Bonucci1
51%
Juventus FCBosniaMiralem Pjanic1
51%
Real MadridFranceRaphaël Varane2
51%
BesiktasCameroonVincent Aboubakar3
51%
Atletico MadridBelgiumYannick Carrasco2
51%
Leicester CityAlgeriaIslam Slimani1
49%
Atletico MadridFranceKevin Gameiro2
49%
Arsenal FCSpainLucas Pérez3
49%
BesiktasPortugalRicardo Quaresma3
49%
Leicester CityJamaicaWes Morgan1
49%
Real MadridSpainAlvaro Morata2
46%
Juventus FCBrazilDani Alvès2
46%
Manchester CityBrazilFernandinho1
46%
Juventus FCItalyGiorgio Chiellini1
46%
Real MadridSpainMarco Asensio2
46%
Leicester CityJapanShinji Okazaki1
46%
Borussia DortmundGreeceSokratis Papastathopoulos1
46%
Arsenal FCNigeriaAlex Iwobi1
43%
Paris SGFranceBlaise Matuidi2
43%
Juventus FCItalyClaudio Marchisio1
43%
Real MadridSpainIsco1
43%
Bayer LeverkusenMexicoJavier Hernandez1
43%
Real MadridCroatiaMateo Kovacic1
43%
AS MonacoBrazilFabinho1
40%
Bayern MunichGermanyJoshua Kimmich3
40%
AS MonacoPolandKamil Glik1
40%
Borussia DortmundTurkeyNuri Sahin1
40%
Borussia DortmundUSAChristian Pulisic1
37%
AS MonacoFranceDjibril Sidibé1
37%
Manchester CityEnglandJohn Stones1
37%
Borussia DortmundGermanyMario Götze1
37%
Manchester CitySpainNolito1
37%
Borussia DortmundPortugalRaphaël Guerreiro1
37%
AS MonacoFranceThomas Lemar2
37%
AS MonacoFranceTiémoué Bakayoko1
37%
Arsenal FCEnglandAlex Oxlade-Chamberlain1
34%
Bayern MunichSpainJuan Bernat2
34%
Leicester CityEnglandMarc Albrighton2
34%
FC BarcelonaSpainSergi Roberto1
34%
Paris SGBelgiumThomas Meunier1
34%
Borussia M'GladbachBelgiumThorgan Hazard1
34%
Tottenham HotspurBelgiumToby Alderweireld1
34%
Sevilla FCFranceWissam Ben Yedder2
34%
SSC NapoliItalyLorenzo Insigne1
31%
Juventus FCCroatiaMarko Pjaca1
31%
Sporting CPNetherlandsBas Dost1
29%
Bayer LeverkusenTurkeyHakan Calhanoglu1
29%
Bayer LeverkusenSloveniaKevin Kampl1
29%
FC BaselIvory CoastSeydou Doumbia1
29%
FC PortoAlgeriaYacine Brahimi1
29%
SSC NapoliSpainJosé Callejon1
26%
Borussia DortmundSpainMarc Bartra1
26%
AS MonacoFranceValère Germain2
26%
Dynamo KievUkraineAndriy Yarmolenko1
23%
SL BenficaGreeceKonstantinos Mitroglou1
23%
Borussia M'GladbachGermanyLars Stindl2
23%
Borussia M'GladbachBrazilRaffael1
23%
Sevilla FCFranceSteven N'Zonzi1
23%
Sporting CPCosta RicaBryan Ruiz1
20%
Bayer LeverkusenGermanyKarim Bellarabi1
20%
BesiktasBrazilTalisca1
20%
LyonFranceCorentin Tolisso2
17%
Ludogorets RazgradBrazilJonathan Cafu2
17%
Bayer LeverkusenGermanyJulian Brandt1
17%
PSV EindhovenNetherlandsLuuk de Jong1
17%
CSKA MoscowRussiaAlan Dzagoev2
14%
Juventus FCItalyDaniele Rugani1
14%
SL BenficaArgentinaEduardo Salvio3
14%
Borussia DortmundGermanyJulian Weigl1
14%
CelticEnglandPatrick Roberts1
14%
Sevilla FCFranceSamir Nasri1
14%
FK RostovIranSardar Azmoun2
14%
Bayer LeverkusenSwitzerlandAdmir Mehmedi1
11%
Borussia M'GladbachGermanyAndré Hahn1
11%
SL BenficaMexicoRaul Jimenez1
11%
CSKA MoscowFinlandRoman Eremenko1
11%
FC CopenhagenDenmarkThomas Delaney1
11%
Borussia DortmundGermanyAndré Schürrle1
9%
Borussia DortmundGermanyGonzalo Castro1
9%
Bayer LeverkusenGermanyKevin Volland1
9%
SL BenficaSerbiaLjubomir Fejsa1
9%
Sevilla FCArgentinaLuciano Vietto1
9%
SSC NapoliItalyManolo Gabbiadini1
9%
LyonFranceMaxwell Cornet1
9%
SL BenficaPortugalNelson Semedo1
9%
Legia WarsawHungaryNemanja Nikolic1
9%
Legia WarsawFranceThibault Moulin1
9%
Ludogorets RazgradBulgariaWanderson1
9%
BesiktasBrazilAdriano1
6%
CSKA MoscowIsraelBibras Natkho1
6%
FK RostovEcuadorChristian Noboa1
6%
PSV EindhovenNetherlandsDavy Pröpper1
6%
Dynamo KievParaguayDerlis González1
6%
FK RostovRussiaDmitri Poloz3
6%
Borussia DortmundGermanyFelix Passlack1
6%
FC PortoMexicoJesus Corona1
6%
Sevilla FCArgentinaJoaquin Correa1
6%
Club BruggeColombiaJosé Izquierdo1
6%
CSKA MoscowIvory CoastLacina Traoré1
6%
FC PortoMexicoMiguel Layun1
6%
Legia WarsawSerbiaMiroslav Radovic1
6%
PSV EindhovenColombiaSantiago Arias1
6%
Legia WarsawBelgiumVadis Odjidja Ofoe1
6%
Legia WarsawSwitzerlandAleksandar Prijovic2
3%
FC CopenhagenDenmarkAndreas Cornelius1
3%
Sporting CPBrazilBruno César2
3%
Ludogorets RazgradRomaniaClaudiu Keserü1
3%
FC PortoPortugalDiogo Jota1
3%
SL BenficaArgentinaFranco Cervi2
3%
SL BenficaPortugalGonçalo Guedes2
3%
Legia WarsawBrazilGuilherme1
3%
Club BruggeBelgiumJelle Vossen1
3%
LyonFranceJordan Ferri1
3%
FC BaselSwitzerlandLuca Zuffi1
3%
Legia WarsawPolandMichal Kucharczyk1
3%
Sevilla FCArgentinaNicolas Pareja1
3%
FC PortoBrazilOtávio1
3%
Sevilla FCSpainSergio Escudero1
3%
Dynamo KievUkraineViktor Tsygankov1
3%
Ludogorets RazgradNetherlandsVirgil Misidjan1
3%
Dynamo KievUkraineArtem Besyedin1
0%
BesiktasTurkeyCenk Tosun1
0%
Dynamo KievUkraineDenys Harmash1
0%
FC CopenhagenParaguayFederico Santander1
0%
Dynamo KievBrazilJúnior Moraes1
0%
FC CopenhagenDenmarkMathias Jorgensen2
0%
Ludogorets RazgradBrazilNatanael1
0%
Sevilla FCSpainPablo Sarabia1
0%
FC BaselSwitzerlandRenato Steffen1
0%
Dynamo KievUkraineSerhiy Sydorchuk1
0%
FC CopenhagenNetherlandsStefano Denswil1
0%
Dynamo KievUkraineVitaliy Buyalskyi1
0%
Bayer LeverkusenUkraineVladlen Yurchenko1
0%

Score Distribution

Percentile by Number Answered

Percent of People with Each Score

Your Score History

You have not taken this quiz